Waste water treatment plant design for north colony (Record no. 551184)

000 -LEADER
fixed length control field 00403nam a22001577a 4500
082 ## - DEWEY DECIMAL CLASSIFICATION NUMBER
Classification number P-413(B)
100 ## - MAIN ENTRY--PERSONAL NAME
Personal name Capt Asif
9 (RLIN) 48168
245 ## - TITLE STATEMENT
Title Waste water treatment plant design for north colony
Statement of responsibility, etc. Capt Asif, Capt Hassan
260 ## - PUBLICATION, DISTRIBUTION, ETC.
Place of publication, distribution, etc. Risalpur
Name of publisher, distributor, etc. MCE
Date of publication, distribution, etc. 2009
300 ## - PHYSICAL DESCRIPTION
Extent 63 p:
526 ## - STUDY PROGRAM INFORMATION NOTE
Program name 0
Interest level 0
Reading level 0
Title point value P_413A
526 ## - STUDY PROGRAM INFORMATION NOTE
Program name 0
Interest level 0
Reading level 0
650 ## - SUBJECT ADDED ENTRY--TOPICAL TERM
Topical term or geographic name entry element Project
700 ## - ADDED ENTRY--PERSONAL NAME
Personal name Lec Arshad
9 (RLIN) 48169
942 ## - ADDED ENTRY ELEMENTS (KOHA)
Source of classification or shelving scheme
Koha item type Book
Holdings
Withdrawn status Lost status Source of classification or shelving scheme Damaged status Not for loan Permanent Location Current Location Date acquired Total Checkouts Full call number Barcode Date last seen Price effective from Koha item type Public note
          Military College of Engineering (MCE) Military College of Engineering (MCE) 12/04/2014   P-413(A) MCE-P-413(A) 12/04/2014 12/04/2014 Book Project
          Military College of Engineering (MCE) Military College of Engineering (MCE) 12/04/2014   P-413(B) MCE-P-413B 03/14/2021 03/14/2021 Book Project
© 2023 Central Library, National University of Sciences and Technology. All Rights Reserved.